000 00959nam a22003017a 4500
003 CHAP
005 20220329134144.0
008 971013s1941 r 00010 d
010 _a16269
011 _a17241
035 _a21324
040 _cCHAP
082 _a633.11
_bH85
100 0 0 _aHolton, Charles Stewart.
_956021
245 _aBunt or stinking smut of wheat; a world problem
260 _aMinneapolis :
_bBurgess,
_c1941
300 _a211 p.
_b: ilus.
590 _aBATCH-UPD
_b10
_c20130110
_lUCH01
_h2139
590 _aBATCH-UPD
_b10
_c20130410
_lUCH01
_h1447
590 _aBATCH-UPD
_b10
_c20130914
_lUCH01
_h0902
590 _aCONVERSION
_b10
_c20130109
_lUCH01
_h1310
650 1 4 _aCarbón hediondo del trigo.
_918856
700 0 _aHeald, Frederick Deforest.
_953240
901 _aBK
942 _cLIBRO
949 _a633.11 H85
_bBC
_cLIBRO
_d-49680
_eLIBRO
_h29413
_i21324
_si
949 _a633.11 H85
_bBC
_cLIBRO
_d-49681
_eLIBRO
_fc.2
_h29414
_i21324
_si
999 _c16269
_d16269